[Event "2023 US National Elementary K-6 Championship"]
[Site "Baltimore, Maryland, United States"]
[Date "2023.05.13"]
[Round "3.13"]
[White "Shen, Leo"]
[Black "Mansurov, Yusuf"]
[Result "0-1"]
[TimeControl "G/90; d10"]
[WhiteElo "1742"]
[BlackElo "2045"]

1. e4 {[%clk 01:27:36]} {[%emt 00:02:32]} c6 {[%clk 01:30:00]} {[%emt
00:00:09]} 2. d4 {[%clk 01:27:31]} {[%emt 00:00:16]} d5 {[%clk 01:30:00]}
{[%emt 00:00:04]} 3. exd5 {[%clk 01:27:31]} {[%emt 00:00:03]} cxd5 {[%clk
01:30:00]} {[%emt 00:00:05]} 4. c4 {[%clk 01:27:27]} {[%emt 00:00:14]} Nf6
{[%clk 01:30:00]} {[%emt 00:00:04]} 5. Nc3 {[%clk 01:27:27]} {[%emt 00:00:03]}
e6 {[%clk 01:30:00]} {[%emt 00:00:08]} 6. Nf3 {[%clk 01:27:27]} {[%emt
00:00:02]} Bb4 {[%clk 01:28:41]} {[%emt 00:01:29]} 7. cxd5 {[%clk 01:27:27]}
{[%emt 00:00:07]} Nxd5 {[%clk 01:27:49]} {[%emt 00:01:02]} 8. Qc2 {[%clk
01:27:27]} {[%emt 00:00:04]} Nc6 {[%clk 01:25:39]} {[%emt 00:02:18]} 9. Bd3
{[%clk 01:27:27]} {[%emt 00:00:05]} h6 {[%clk 01:25:03]} {[%emt 00:00:46]} 10.
O-O {[%clk 01:27:27]} {[%emt 00:00:04]} O-O {[%clk 01:23:15]} {[%emt 00:01:58]}
11. Bh7+ {[%clk 01:27:11]} {[%emt 00:00:27]} Kh8 {[%clk 01:23:15]} {[%emt
00:00:08]} 12. Be4 {[%clk 01:27:11]} {[%emt 00:00:06]} Qd6 {[%clk 01:07:56]}
{[%emt 00:15:29]} 13. Nxd5 {[%clk 01:24:07]} {[%emt 00:03:14]} exd5 {[%clk
01:07:56]} {[%emt 00:00:09]} 14. Bf5 {[%clk 01:22:45]} {[%emt 00:01:31]} Ba5
{[%clk 00:58:51]} {[%emt 00:09:16]} 15. Bxc8 {[%clk 01:19:45]} {[%emt
00:03:11]} Raxc8 {[%clk 00:58:45]} {[%emt 00:00:16]} 16. Qb3 {[%clk 01:19:26]}
{[%emt 00:00:28]} Bb6 {[%clk 00:55:43]} {[%emt 00:03:12]} 17. Rd1 {[%clk
01:18:21]} {[%emt 00:01:14]} Rfd8 {[%clk 00:50:44]} {[%emt 00:05:10]} 18. a3
{[%clk 01:15:06]} {[%emt 00:03:25]} Re8 {[%clk 00:38:05]} {[%emt 00:12:48]} 19.
Be3 {[%clk 01:12:00]} {[%emt 00:03:16]} f5 {[%clk 00:36:54]} {[%emt 00:01:22]}
20. Ne5 {[%clk 01:03:19]} {[%emt 00:08:51]} Nxe5 {[%clk 00:30:11]} {[%emt
00:06:53]} 21. dxe5 {[%clk 01:03:19]} {[%emt 00:00:04]} Qxe5 {[%clk 00:29:20]}
{[%emt 00:01:01]} 22. Rxd5 {[%clk 01:02:08]} {[%emt 00:01:21]} Qe4 {[%clk
00:27:21]} {[%emt 00:02:08]} 23. h3 {[%clk 00:56:47]} {[%emt 00:05:30]} Bxe3
{[%clk 00:26:51]} {[%emt 00:00:41]} 24. fxe3 {[%clk 00:56:47]} {[%emt
00:00:05]} Rc2 {[%clk 00:26:45]} {[%emt 00:00:15]} 25. Qxc2 {[%clk 00:52:22]}
{[%emt 00:04:35]} Qxc2 {[%clk 00:26:38]} {[%emt 00:00:19]} 26. Rf1 {[%clk
00:52:22]} {[%emt 00:00:05]} Rxe3 {[%clk 00:26:32]} {[%emt 00:00:15]} 27. Rdxf5
{[%clk 00:52:22]} {[%emt 00:00:05]} Re2 {[%clk 00:26:27]} {[%emt 00:00:16]} 28.
R5f2 {[%clk 00:52:13]} {[%emt 00:00:19]} Qxb2 {[%clk 00:26:21]} {[%emt
00:00:16]} 29. Rxe2 {[%clk 00:52:13]} {[%emt 00:00:04]} Qxe2 {[%clk 00:26:21]}
{[%emt 00:00:05]} 30. Rf3 {[%clk 00:52:07]} {[%emt 00:00:16]} b5 {[%clk
00:26:21]} {[%emt 00:00:08]} 31. Kh2 {[%clk 00:52:07]} {[%emt 00:00:05]} a5
{[%clk 00:26:21]} {[%emt 00:00:05]} 32. Kg1 {[%clk 00:52:07]} {[%emt 00:00:05]}
b4 {[%clk 00:26:21]} {[%emt 00:00:05]} 33. axb4 {[%clk 00:52:07]} {[%emt
00:00:01]} axb4 {[%clk 00:26:21]} {[%emt 00:00:03]} 34. Kh2 {[%clk 00:52:07]}
{[%emt 00:00:07]} Qxf3 {[%clk 00:26:21]} {[%emt 00:00:05]} 35. gxf3 {[%clk
00:52:07]} {[%emt 00:00:02]} b3 {[%clk 00:26:21]} {[%emt 00:00:05]} 36. Kg2
{[%clk 00:52:06]} {[%emt 00:00:10]} b2 {[%clk 00:26:21]} {[%emt 00:00:03]} 37.
Kf2 {[%clk 00:52:04]} {[%emt 00:00:12]} b1=Q {[%clk 00:26:21]} {[%emt
00:00:05]} 0-1